| 000 | 01163nam a22002177a 4500 | ||
|---|---|---|---|
| 999 |
_c60474 _d60474 |
||
| 003 | Ge_BSU | ||
| 005 | 20230728132745.0 | ||
| 008 | 230728s2022ge xxu||||| |||| 00| 0 geo d | ||
| 041 | _ageo | ||
| 080 | _a630.23(479.22)ს-21 | ||
| 100 |
_aსამადაშვილი, ქეთევან ავტორი _919555 |
||
| 245 |
_aაჭარის ხელუხლებელი ტყეები : VIRGIN FORESTS IN ADJARA / _cქეთევან სამადაშვილი, ლელა ჯანაშია, დავით ხარაზიშვილი. |
||
| 264 |
_aთბილისი, _c2022. |
||
| 300 |
_a33 გვ.: _bილ; _c24 სმ. |
||
| 653 | _aაჭარის ხელუხლებელი ტყეები | ||
| 653 | _aაჭარის ხელუხლებელი ტყეების შენარჩუნება და მართვა | ||
| 653 | _aსატყეო მეურნეობა, მეტყევეობა. | ||
| 700 |
_aჯანაშია, ლელა _919556 |
||
| 700 |
_aხარაზიშვილი, დავით _92519 |
||
| 942 |
_2udc _cBK |
||